Sporclin' Through the '70s Quiz Stats

 Plays Quiz Updated May 30, 2017

Support Sporcle.
Go Orange.
Score 0/36 Timer 06:00
2 Plays Today
Hint Answer % Correct
Superman
96.1%
 
▼    Movies    ▼
 
Jaws
95.1%
 
▼    History    ▼
 
Richard Nixon
94.7%
The Godfather
93.1%
Skateboard
90.6%
 
▼    Music    ▼
 
Bob Marley
90.4%
Grease
89.7%
Dolly Parton
88.7%
The Muppet Show
87.8%
 
▼    Television    ▼
 
M*A*S*H
84.5%
Rubik’s Cube
83.8%
Taxi
81.2%
Hungry Hungry Hippos
79.3%
Connect Four
76.7%
Pong
76.2%
The Brady Bunch
75.8%
Billie Jean King
71.4%
One Flew Over the Cuckoo's Nest
70.9%
Hint Answer % Correct
Monty Python and the Holy Grail
69.9%
Columbo
67.7%
Mark Spitz
67.5%
Idi Amin
66.2%
Diff'rent Strokes
61.9%
 
▼    Gaming    ▼
 
Space Invaders
60.4%
Golda Meir
50.7%
Ramones
50.5%
Led Zeppelin
47.5%
 
▼    Sports    ▼
 
Julius Erving
39.3%
Walter Payton
35.5%
Bobby Orr
34.7%
Aerosmith
33.9%
Anwar Sadat
32%
Richard Petty
31.9%
Grateful Dead
30.2%
Steve Wozniak
15.7%
Deng Xiaoping
10.5%

You're not logged in!

Compare scores with friends on all Sporcle quizzes.
OR
Log In
Forgot?

From the Vault

Which Dog Breed Is It?

by lolshortee

Have a treat ready for these good dogs.
Remove Ads.
Support Sporcle.
Get the best of Sporcle when you Go Orange. This ad-free experience offers more features, more stats, and more fun while also helping to support Sporcle. Thank you for becoming a member.

Show Comments

Extras

Top Quizzes Today


Score Distribution

Your Account Isn't Verified!

In order to create a playlist on Sporcle, you need to verify the email address you used during registration. Go to your Sporcle Settings to finish the process.

Report this User

Report this user for behavior that violates our Community Guidelines.

Details: